000 00492nam a2200181Ia 4500
001 23908
005 20260414151008.0
008 260414t2018||||xx |||||||||||||| ||spa||
041 _aESP
082 _a720.98
_bH43
100 _aHernández, Manuel Martín,
_eAUT
245 0 _aVisiones del hábitat en América Latina :
_barticipación, autogestión, habitabilidad
260 _c2018
300 _a242 páginas :
_c24 cm.
650 _aABD
654 _aCAU
942 _cLIB
_dJUS
_fJUS
_2ddc
_n
999 _c23908
_d23908